000 00817nam a2200229Ia 4500
005 20240530110955.0
008 140319s2007 xx 000 0 ara d
040 _aGCL /
_cGCL
082 0 4 _a658.1511 /
_bا م
100 1 _aاحمد محمد نور
245 1 0 _aمبادئ المحاسبة الادارية /
_cتاليف احمد محمد نور ، احمد حسين على
250 _aالاولى
260 _aالاسكندرية :
_bالدار الجامعية،
_c2007
300 _a430 ص؛
_c24 سم
650 0 4 _aالادارة
650 0 4 _aالمحاسبة الادارية
650 0 4 _aالمحاسبة المالية
650 0 4 _aالموازنة
700 _aاحمد حسين على
_eمؤلف مشارك
942 _2ddc
_cBK
999 _c67082
_d67082